Η απελευθέρωσις της ανατολικής Θράκης τον Ιούλιον του 1920 και η δραματική εγκατάλειψίς της τον Οκτώβριον του 1922 : γραμμένη για τα 50χρονα από το χαλασμό του 1922
Αποθηκεύτηκε σε:
| Κύριος συγγραφέας: | |
|---|---|
| Μορφή: | Βιβλίο |
| Γλώσσα: | Greek |
| Δημοσίευση: |
Αθήναι :
Θρακικό Κέντρο,
1972
|
| Θέματα: | |
| Ετικέτες: |
Προσθήκη ετικέτας
Δεν υπάρχουν, Καταχωρήστε ετικέτα πρώτοι!
|
MARC
| LEADER | 00000cam a2200000 i 4500 | ||
|---|---|---|---|
| 001 | 1/6165 | ||
| 008 | 000610s1972 gre d | ||
| 035 | |l 10061838 | ||
| 040 | |a GR-MY-UA |b gre |e aacr | ||
| 041 | 0 | |a gre | |
| 082 | 0 | |a 938.72 | |
| 100 | 1 | |a Γερμίδης, Άγγελος. | |
| 245 | 1 | 2 | |a Η απελευθέρωσις της ανατολικής Θράκης τον Ιούλιον του 1920 και η δραματική εγκατάλειψίς της τον Οκτώβριον του 1922 : |b γραμμένη για τα 50χρονα από το χαλασμό του 1922 / |c Αγγελου Γερμίδη |
| 260 | |a Αθήναι : |b Θρακικό Κέντρο, |c 1972 | ||
| 300 | |a 39 σ. |b εικ., χάρτης | ||
| 651 | 0 | |a Thrace, Eastern (Turkey) |x History. | |
| 650 | 0 | |a Greco-Turkish War, 1921-1922. | |
| 852 | |a INST |b LESVOS |e 20000610 |h 938.72 ΓΕΡ |p 005100020978 |q 005100020978 |t BK |y 0 | ||
| 901 | |a BIBL1-2000-2 | ||
| 909 | |a Λ |b 076571 | ||
| 970 | |z 2000/06/ΓΕΩΡΓΙΑ | ||